000 00806nam a22001817a 4500
999 _c60721
_d60721
005 20231013100705.0
008 231013s2003 enk||||| |||| 00| 0 eng d
020 _a9077297030
041 _aeng
080 _a 737.1(479.22)(09)+737.1(=222.1)(479.22) Ts-89
100 _aTsukhishvili I.
_920071
245 _aHistory and Coin Finds in Georgia:
_bLate Roman and Byzantine hoards (4th-13th c.) /
_cI.Tsukhishvili , G. Depeyrot.
264 _aBelgium,
_c2003.
300 _a105 p. :
_bill.;
_c30 cm.
653 _aისტორია და მონეტების აღმოჩენები საქართველოში - გვიან რომაული და ბიზანტიური განძი
700 _aDepeyrot, G.
_eავტორი
_920072
942 _2udc
_cBK